Online
Catalog

Asi es Caracas / (Record no. 6698)

MARC details
000 -CABECERA
campo de control de longitud fija 01219cam a2200253 a 4500
001 - NÚMERO DE CONTROL
campo de control 000006913
005 - FECHA Y HORA DE LA ÚLTIMA TRANSACCIÓN
campo de control 20240305135409.0
008 - DATOS DE LONGITUD FIJA--INFORMACIÓN GENERAL
campo de control de longitud fija 830210s1980 ve a 000 0 eng d
040 ## - FUENTE DE LA CATALOGACIÓN
Centro catalogador/agencia de origen DO-SdBNP
Centro/agencia transcriptor DLC
Centro/agencia modificador DLC
-- BNPHU
041 17 - CÓDIGO DE LENGUA
Código de lengua del texto/banda sonora o título independiente spaeng
043 ## - CÓDIGO DE ÁREA GEOGRÁFICA
Código de área geográfica s-ve---
082 ## - NÚMERO DE LA CLASIFICACIÓN DECIMAL DEWEY
Número de clasificación NNNN
Número de documento/Ítem A832c
049 ## - FONDOS LOCALES (OCLC)
Fondos de biblioteca BNGR
245 00 - MENCIÓN DE TÍTULO
Título Asi es Caracas /
Mención de responsabilidad, etc. editor, Soledad Mendoza ; prólogo, Simón Alberto Consalvi ; escritores, Gabriel García Marquez ... [et al.] ; introducción a los capítulos, Tomás Eloy Martínez ; versión al inglés, Jaime Tello ; ilustraciones, Pedro León Zapata ; fotógrafo, Roberto Loscher ; fotógrafos invitados, Vladimir Sersa ... [et al.] ; recopilación de datos e investigación de fuentes, Antonio Garcia Ponce ... [et al.] ; traducción de leyendas, Lilly Steinheil, Hilary Branch.
260 ## - PUBLICACIÓN, DISTRIBUCIÓN, ETC.
Lugar de publicación, distribución, etc. Caracas :
Nombre del editor, distribuidor, etc. Ateneo de Caracas,
Fecha de publicación, distribución, etc. 1980.
300 ## - DESCRIPCIÓN FÍSICA
Extensión 280 p. :
Otras características físicas ill. ;
Dimensiones 23 cm.
500 ## - NOTA GENERAL
Nota general English and Spanish.
651 #0 - PUNTO DE ACCESO ADICIONAL DE MATERIA--NOMBRE GEOGRÁFICO
Nombre geográfico Caracas (Venezuela{Rpara}
Subdivisión general Pictorial Works.
9 (RLIN) 19169
700 1# - PUNTO DE ACCESO ADICIONAL--NOMBRE DE PERSONA
Nombre de persona Mendoza, Soledad.
9 (RLIN) 19170
700 1# - PUNTO DE ACCESO ADICIONAL--NOMBRE DE PERSONA
Nombre de persona García Márquez, Gabriel,
Numeración 1928-2014
Fechas asociadas al nombre 1928-
9 (RLIN) 1804
700 1# - PUNTO DE ACCESO ADICIONAL--NOMBRE DE PERSONA
Nombre de persona Tello, Jaime.
9 (RLIN) 4853
700 1# - PUNTO DE ACCESO ADICIONAL--NOMBRE DE PERSONA
Nombre de persona Loscher, Roberto.
9 (RLIN) 19171
910 ## - DATOS DE OPCIÓN DEL USUARIO (OCLC)
Datos de opción del usuario Catalogación derivada
Holdings
Estado de retiro Estado de pérdida Restricciones de uso No para préstamo Código de colección Localización permanente Ubicación/localización actual Ubicación en estantería Fecha de adquisición Número de inventario Total de préstamos Signatura topográfica completa Código de barras Fecha visto por última vez Número de copia Precio válido a partir de Tipo de ítem Koha
    Préstamo restringido Préstamo restrigido Monografías: Libros y Folletos General General En catalogación 03.09.2009 LF1   NNNN A832c 6913-10 25.06.2020 e. 1 25.06.2020 Préstamo interno

Powered by Koha